| 000 | 00484nam a22001697a 4500 | ||
|---|---|---|---|
| 003 | OSt | ||
| 008 | 260424b |||||||| |||| 00| 0 eng d | ||
| 082 |
_a634.421 _bP14F |
||
| 100 | _aKumar, Pankaj | ||
| 245 | _aEffect of Some Plant Growth Regulators on Air-Layering of Guava (Psidium Guajava L.) Cv. Allahabad Safeda" | ||
| 260 |
_aPusa, Samastipur _bRAU _c2007 |
||
| 300 | _a57P. | ||
| 502 |
_bMsc. _d2007 |
||
| 650 | _aFruit & Fruit Technology | ||
| 650 | _aMsc. | ||
| 942 |
_2ddc _cT |
||
| 999 |
_c50165 _d50165 |
||